Normal view
MARC view
Entry Personal Name
001 - CONTROL NUMBER
- control field: 1622
003 - CONTROL NUMBER IDENTIFIER
- control field: AM-YEHGA
005 - DATE AND TIME OF LATEST TRANSACTION
- control field: 20250617070429.0
008 - FIXED-LENGTH DATA ELEMENTS
- fixed length control field: 050411 a|ac|n|aab||||||||||||a |n|||||||
040 ## - CATALOGING SOURCE
- Original cataloging agency: AM-YEHGA
100 1# - HEADING--PERSONAL NAME
- Personal name: Բաղդասարյան, Ստեփան Խաչատուրի,
- Dates associated with a name: 1888-1941
400 1# - SEE FROM TRACING--PERSONAL NAME
- Personal name: Բաղդասարյան, Ստեփան,
- Dates associated with a name: 1888-1941
400 1# - SEE FROM TRACING--PERSONAL NAME
- Personal name: Բաղդասարյան, Ստ.
- Fuller form of name: (Ստեփան),
- Dates associated with a name: 1888-1941
400 1# - SEE FROM TRACING--PERSONAL NAME
- Personal name: Տեր-Բաղդասարյան, Ստեփան Խաչատուրի,
- Dates associated with a name: 1888-1941
400 1# - SEE FROM TRACING--PERSONAL NAME
- Personal name: Багдасарян, Степан Хачатурович,
- Dates associated with a name: 1888-1941
400 1# - SEE FROM TRACING--PERSONAL NAME
- Personal name: Тер-Багдасарян, Степан Хачатурович,
- Dates associated with a name: 1888-1941
400 1# - SEE FROM TRACING--PERSONAL NAME
- Personal name: Baghdasaryan, Stepan Khachaturi,
- Dates associated with a name: 1888-1941
400 1# - SEE FROM TRACING--PERSONAL NAME
- Personal name: Ter-Baghdasaryan, Stepan Khachaturi,
- Dates associated with a name: 1888-1941
670 ## - SOURCE DATA FOUND
- Source citation: Հայկական համառոտ հանրագիտարան, 1990 :
- Information found: հ. 1 (Բաղդասարյան (Տեր-Բաղդասարյան) Ստեփան Խաչատուրի (7.3.1888, Ղարադաղ (Իրանում) - 24.11.1941, Երևան), դրամատուրգ, բժիշկ)
670 ## - SOURCE DATA FOUND
- Source citation: Ծարավների աշխարհում (Վեպ), 1933 :
- Information found: տիտղթ. (Ստ. Բաղդասարյան)
ՀՀ Գիտությունների ազգային ակադեմիայի հիմնարար գիտական գրադարան = Fundamental Scientific Library of NAS RA
All site content, except where otherwise noted, is licensed under a